| 000 | 01373nam a2200313Ia 4500 | ||
|---|---|---|---|
| 001 | ebr10057133 | ||
| 003 | CaPaEBR | ||
| 006 | m u | ||
| 007 | cr cn||||||||| | ||
| 008 | 030414s2004 caua sb 001 0 eng d | ||
| 020 | _z0520239970 (cloth : alk. paper) | ||
| 040 |
_aCaPaEBR _cCaPaEBR |
||
| 035 | _a(OCoLC)58564611 | ||
| 050 | 1 | 4 |
_aHV8144.F43 _bC85 2004eb |
| 082 | 0 | 4 |
_a363.25/931/097309046 _221 |
| 100 | 1 |
_aCunningham, David, _d1970- |
|
| 245 | 1 | 0 |
_aThere's something happening here _h[electronic resource] : _bthe New Left, the Klan, and FBI counterintelligence / _cDavid Cunningham. |
| 260 |
_aBerkeley : _bUniversity of California Press, _cc2004. |
||
| 300 |
_axvi, 366 p. : _bill. |
||
| 504 | _aIncludes bibliographical references and index. | ||
| 533 |
_aElectronic reproduction. _bPalo Alto, Calif. : _cebrary, _d2009. _nAvailable via World Wide Web. _nAccess may be limited to ebrary affiliated libraries. |
||
| 610 | 1 | 0 |
_aUnited States. _bFederal Bureau of Investigation. |
| 650 | 0 |
_aIntelligence service _zUnited States. |
|
| 650 | 0 |
_aNew Left _xGovernment policy _zUnited States. |
|
| 650 | 0 |
_aHate groups _xGovernment policy _zUnited States. |
|
| 655 | 7 |
_aElectronic books. _2local |
|
| 710 | 2 | _aebrary, Inc. | |
| 856 | 4 | 0 |
_uhttp://site.ebrary.com/lib/rucke/Doc?id=10057133 _zAn electronic book accessible through the World Wide Web; click to view |
| 999 |
_c70572 _d70572 |
||